| 000 | 00469nam a22001817a 4500 | ||
|---|---|---|---|
| 003 | MPLRDC | ||
| 005 | 20220104123511.0 | ||
| 008 | 210129b ||||| |||| 00| 0 eng d | ||
| 020 | _a7-5304-1657-X | ||
| 082 | _a215.5 LXP | ||
| 100 | _a林晓平编著 | ||
| 245 |
_a中国人崇拜祖先的传统 _c |
||
| 250 | _a一版一刷 | ||
| 260 |
_a _b北京科学技术出版社 _c1995 |
||
| 300 | _b平 | ||
| 650 | _a原始宗教--祖先崇拜 | ||
| 942 |
_cBK _o215.5 LXP |
||
| 999 |
_c11911 _d11901 |
||